000 01325nam a22002657a 4500
005 20170124103115.0
010 _aA-806741
020 _c250.00
035 _aA-806741
037 _bCen Lib/Ret
040 _aDPL
_bHN
082 _a629.4
_bचतुर्वे
100 _aचतुर्वेदी , रामस्वरुप
_945
245 _aअन्तरिक्षीय ज्ञान का पृथ्वी पर उपयोग
_c रामस्वरुप चतुर्वेदी
246 _aAntrikshiya gyan ka prithvi par upyog
_bby Ramswarup Chaturvedi
260 _aनई दिल्ली
_bअलंकार प्रकाशन
_c1996
270 _a3611, सुभाष मार्ग दरिया गंज
_bनई दिल्ली
_e110002
300 _a271पृष्ठ. :
_c20सेमी(सजिल्द)
_bचित्र.
490 _aब्रह्माण्ड विज्ञान ग्रंथमाला -5
650 _aखगोल शास्त्र
_980476
650 _aअन्तरिक्षीय खोजों के उद्देश्य
_980477
650 _aAstronomy
_980478
650 _aThe purpose of cosmic discoveries
_980479
942 _2ddc
_cHN
_h629.4
_mचतुर्वे
999 _c118496
_d118496